000
00330nam a22001457a 4500
020
_a
939012026-8
082
_a
920
_b
ALB/E
100
_a
MUSK, ELON
245
_a
MUSK, ELON
250
_a
FIRST EDITION
260
_a
KUNNAMKULAM
_b
RED ROSE PUBLISHING HOUSE
_c
2020
300
_a
183
650
_a
AUTOBIOGRAPHY
_z
KERALA
942
_c
BK
999
_c
6972
_d
6972